000
00303nam a2200133Ia 4500
008
240703s9999 xx 000 0 und d
041
_a
eng
100
_a
Berk Demarzo
245
_a
Corporate Finance
260
_b
Pearson
_c
2023
365
_c
_b
8,263.90
906
_b
33
999
_c
40917
_d
40917